| 000 | 00829nam a2200253 a 4500 | ||
|---|---|---|---|
| 001 | 36151 | ||
| 003 | BD-RjUL | ||
| 005 | 20211209052436.0 | ||
| 008 | 140617t1968 onc b 001 0 eng d | ||
| 020 | _a0802015298 | ||
| 020 | _a0710062192 (RKP) | ||
| 035 | _a(BD-RjUL)36248 | ||
| 040 |
_aDLC _cDLC _dm.c _dBD-RjUL _beng |
||
| 041 | _aeng | ||
| 082 | 0 | 4 |
_bROI 1968 _a192 |
| 100 | 1 |
_aRobson, John M. _9110032 |
|
| 245 | 1 | 4 |
_aThe improvement of mankind : _bthe social and political thought of John Stuart Mill / _cJohn M. Robson. |
| 260 |
_aToronto ; _bUniversity of Toronto Press ; _aLondon : _bRoutledge & Kegan Paul, _cc1968. |
||
| 300 |
_axii, 292 p. ; _c24 cm. |
||
| 504 | _aIncludes bibliographical references and index. | ||
| 600 | 1 | 0 |
_aMill, John Stuart, _d1806-1873. _9110162 |
| 942 |
_2ddc _cBK |
||
| 999 |
_c36151 _d36151 |
||